Jorge Luis Borges /
محفوظ في:
| المؤلفون الرئيسيون: | , |
|---|---|
| مؤلفون آخرون: | |
| التنسيق: | غير معروف |
| اللغة: | Spanish |
| منشور في: |
Madrid, España:
Taurus ediciones,
1976
|
| الطبعة: | 1. edición |
| سلاسل: | Serie el Escritor y la Crítica. Persiles ;
88 |
| الموضوعات: | |
| الوسوم: |
إضافة وسم
لا توجد وسوم, كن أول من يضع وسما على هذه التسجيلة!
|
MARC
| LEADER | 000000000a22000000004500 | ||
|---|---|---|---|
| 001 | 000891 | ||
| 008 | 140626b1976 es |||f |||| 010 0bspa d | ||
| 020 | |a 8430620885 | ||
| 041 | 0 | |a español | |
| 082 | |a Ar863.4D |b B732-j | ||
| 100 | 1 | |a Alazraki, Jaime, editor | |
| 100 | 1 | |a Borges, Jorge Luis, 1899-1986 | |
| 245 | 1 | 0 | |a Jorge Luis Borges / |c edición de Jaime Alzraki |
| 250 | |a 1. edición | ||
| 260 | |a Madrid, España: |b Taurus ediciones, |c 1976 | ||
| 300 | |a 364 páginas | ||
| 490 | 0 | |a Serie el Escritor y la Crítica. Persiles ; |v 88 | |
| 500 | |a "En la reimpresión la autoria varía en la cubierta: Al-Andalus". -- "Reimpresiones: 1984. -- La biblioteca contiene dos ejemplares con número de inscripción 7803 y 13990". | ||
| 600 | 1 | 2 | |a BORGES, JORGE LUIS, 1899-1986 |x CRITICAS |
| 650 | 4 | |a ANALISIS LITERARIO | |
| 700 | 1 | |a Alazraki, Jaime, |j editor | |
| 942 | |2 ddc |c BK | ||
| 999 | |c 1664 |d 1664 | ||



